[Event "Madrid-ch 2017-2018 - Previa A"]
[Site "Madrid ESP"]
[Date "2018.02.07"]
[Round "3.3"]
[White "Lopez Orellana, Federico"]
[Black "Marcos Herrero, Francisco"]
[Result "0-1"]
[WhiteElo "1702"]
[BlackElo "1914"]
[PlyCount "68"]
[EventDate "2018.02.05"]
[EventType "swiss"]
[EventRounds "9"]
[EventCountry "ESP"]
[SourceTitle "Ajedrez en Madrid"]
[Source "lmi"]
[SourceDate "2018.02.05"]

1. d4 Nf6 2. e3 c5 3. Bd3 g6 4. Nf3 Bg7 5. O-O O-O 6. b3 cxd4 7. exd4 Nc6 8.
Bb2 d5 9. Nbd2 Nb4 10. Be2 Bf5 11. c3 Bc2 12. Qc1 Bd3 13. Bxd3 Nxd3 14. Qc2
Nxb2 15. Qxb2 Rc8 16. Rac1 Qd6 17. c4 b6 18. Ne5 Rfd8 19. Ndf3 Ne4 20. Rfe1 e6
21. Qe2 Bh6 22. Rc2 Nf6 23. h4 Nd7 24. h5 Nxe5 25. dxe5 Qc5 26. hxg6 hxg6 27.
Rd1 b5 28. Nd2 Bxd2 29. Rdxd2 dxc4 30. Rxd8+ Rxd8 31. bxc4 Rc8 32. Rd2 bxc4 33.
Rd7 c3 34. Qd3 c2 0-1

[Event "Madrid-ch 2017-2018 - Previa A"]
[Site "Madrid ESP"]
[Date "2018.02.07"]
[Round "3.4"]
[White "Perez Diez, Victor"]
[Black "Corredor Gonzalez, Angel L"]
[Result "1-0"]
[WhiteElo "1912"]
[BlackElo "1745"]
[PlyCount "55"]
[EventDate "2018.02.05"]
[EventType "swiss"]
[EventRounds "9"]
[EventCountry "ESP"]
[SourceTitle "Ajedrez en Madrid"]
[Source "lmi"]
[SourceDate "2018.02.05"]

1. e4 e5 2. Nc3 Nf6 3. f4 d6 4. Nf3 Nc6 5. Bb5 Bg4 6. h3 Bxf3 7. Qxf3 Be7 8. d3
O-O 9. Ne2 Nb4 10. Ba4 b5 11. Bb3 a5 12. a4 bxa4 13. Bxa4 Qb8 14. O-O Qb7 15.
c3 Na6 16. Ng3 Nc5 17. Nf5 Bd8 18. fxe5 dxe5 19. Qg3 Nh5 20. Nh6+ Kh8 21. Nxf7+
Rxf7 22. Rxf7 Bf6 23. Qf3 Nf4 24. Bxf4 exf4 25. e5 Qxf3 26. gxf3 Bxe5 27. Bc6
Ra6 28. Rf8# 1-0

[Event "Madrid-ch 2017-2018 - Previa A"]
[Site "Madrid ESP"]
[Date "2018.02.07"]
[Round "3.5"]
[White "Rosa Ramirez, Victor Diego"]
[Black "Tapia Sanchez, Jose Manuel"]
[Result "1-0"]
[WhiteElo "1907"]
[BlackElo "1687"]
[PlyCount "91"]
[EventDate "2018.02.05"]
[EventType "swiss"]
[EventRounds "9"]
[EventCountry "ESP"]
[SourceTitle "Ajedrez en Madrid"]
[Source "lmi"]
[SourceDate "2018.02.05"]

1. e4 e5 2. Nf3 Nc6 3. Bc4 Bc5 4. c3 Nf6 5. d3 Qe7 6. b4 Bb6 7. a4 a5 8. b5 Nd8
9. O-O d6 10. h3 Be6 11. Nbd2 O-O 12. Ba3 Nd7 13. Re1 Kh8 14. d4 f6 15. Bd3 Qe8
16. d5 Bf7 17. Nc4 Bc5 18. Bc1 b6 19. Ne3 Bh5 20. g4 Bf7 21. Nh4 h5 22. Qd2 g5
23. Nef5 Kh7 24. Be2 Rh8 25. Kg2 Nf8 26. Nf3 Ng6 27. Qc2 Nf4+ 28. Bxf4 gxf4 29.
Rh1 Bg6 30. N3h4 Nf7 31. Nxg6 Kxg6 32. gxh5+ Kh7 33. Rag1 Qd7 34. Bg4 Rag8 35.
Kf1 Qe8 36. Nh4 Rg5 37. Nf3 Kh6 38. Nxg5 fxg5 39. Qd3 Rh7 40. Bf5 Rg7 41. Qf3
Qe7 42. Rg2 Qf6 43. Rhg1 Qe7 44. h4 Nd8 45. hxg5+ Rxg5 46. Rxg5 1-0

[Event "Madrid-ch 2017-2018 - Previa A"]
[Site "Madrid ESP"]
[Date "2018.02.07"]
[Round "3.6"]
[White "Alvarez Abejon, Amilcar"]
[Black "Perez Cameselle, Francisco Jose"]
[Result "1-0"]
[WhiteElo "1958"]
[BlackElo "1773"]
[PlyCount "47"]
[EventDate "2018.02.05"]
[EventType "swiss"]
[EventRounds "9"]
[EventCountry "ESP"]
[SourceTitle "Ajedrez en Madrid"]
[Source "lmi"]
[SourceDate "2018.02.05"]

1. e4 g6 2. d4 Bg7 3. Nc3 d6 4. f4 c6 5. Nf3 d5 6. e5 Bg4 7. Bd3 e6 8. Be3 Nd7
9. h3 Bxf3 10. Qxf3 h5 11. g3 Qb6 12. O-O-O Ne7 13. g4 hxg4 14. hxg4 O-O-O 15.
f5 gxf5 16. gxf5 Nxf5 17. Bxf5 exf5 18. Qxf5 Bxe5 19. Bg5 Rxh1 20. Rxh1 Rh8 21.
Rxh8+ Bxh8 22. Qxf7 Bxd4 23. Qe8+ Kc7 24. Bd8+ 1-0

[Event "Madrid-ch 2017-2018 - Previa A"]
[Site "Madrid ESP"]
[Date "2018.02.07"]
[Round "3.7"]
[White "Carrasco Coquillat, Jorge"]
[Black "Andalon Gomez, Carlos Jesus"]
[Result "1-0"]
[WhiteElo "1726"]
[BlackElo "1935"]
[PlyCount "135"]
[EventDate "2018.02.05"]
[EventType "swiss"]
[EventRounds "9"]
[EventCountry "ESP"]
[SourceTitle "Ajedrez en Madrid"]
[Source "lmi"]
[SourceDate "2018.02.05"]

1. c4 e6 2. Nc3 d5 3. d4 Nf6 4. Bg5 c6 5. e3 Nbd7 6. Nf3 Qa5 7. Nd2 Bb4 8. Qc2
O-O 9. Be2 dxc4 10. Bxf6 Nxf6 11. Nxc4 Qg5 12. O-O h5 13. Ne5 Bd6 14. Nf3 Qa5
15. Ne4 Nxe4 16. Qxe4 Qf5 17. Qxf5 exf5 18. Nd2 g6 19. Nc4 Be7 20. Bf3 Be6 21.
Rac1 a5 22. a4 f6 23. Rfd1 Rfd8 24. Kf1 Bf7 25. g3 g5 26. Nd2 Bb4 27. Rb1 Rab8
28. b3 c5 29. Nc4 cxd4 30. exd4 b5 31. axb5 Rxb5 32. Bc6 Rbb8 33. d5 Rbc8 34.
Ne3 Bg6 35. Nc4 f4 36. Rbc1 fxg3 37. fxg3 Be4 38. Nb6 Rc7 39. Kf2 f5 40. Nc4 f4
41. gxf4 Rf7 42. Ne5 Rxf4+ 43. Ke3 Bd6 44. Nd7 Bg6 45. Rd4 Rf7 46. Rcc4 Re8+
47. Kd2 Rf2+ 48. Kd1 Rf1+ 49. Kd2 Bb4+ 50. Rxb4 axb4 51. Rxb4 Rf2+ 52. Kc3 Re3+
53. Kd4 Re4+ 54. Kc5 Rc2+ 55. Rc4 Rexc4+ 56. bxc4 Rxh2 57. d6 Bf5 58. Bd5+ Kg7
59. Ne5 Kf6 60. Nc6 g4 61. Ne7 Bd7 62. Kb6 g3 63. Kc7 Be6 64. Bxe6 Kxe6 65. d7
Rd2 66. Nd5 g2 67. d8=Q g1=Q 68. Qf6# 1-0

[Event "Madrid-ch 2017-2018 - Previa A"]
[Site "Madrid ESP"]
[Date "2018.02.07"]
[Round "3.8"]
[White "Marivela Santos, Juan Carlos"]
[Black "Fernandez Garcia, Ignacio"]
[Result "0-1"]
[WhiteElo "1686"]
[BlackElo "1851"]
[PlyCount "54"]
[EventDate "2018.02.05"]
[EventType "swiss"]
[EventRounds "9"]
[EventCountry "ESP"]
[SourceTitle "Ajedrez en Madrid"]
[Source "lmi"]
[SourceDate "2018.02.05"]

1. c4 b6 2. Nc3 Bb7 3. e3 Nf6 4. Nf3 c5 5. a3 Nc6 6. d4 d6 7. d5 Nb8 8. b4 g6
9. bxc5 bxc5 10. Qb3 Bc8 11. Be2 Bg7 12. Bb2 Nbd7 13. Rc1 O-O 14. O-O Ng4 15.
h3 Rb8 16. Qc2 Nge5 17. Nxe5 Nxe5 18. f4 Nd7 19. Na4 Nf6 20. e4 Bd7 21. Bxf6
Bxf6 22. Nc3 Bd4+ 23. Kh1 Qa5 24. Bf3 a6 25. Nb1 Rb2 26. Qd3 Rfb8 27. Nd2 Rxd2
0-1

[Event "Madrid-ch 2017-2018 - Previa A"]
[Site "Madrid ESP"]
[Date "2018.02.07"]
[Round "3.9"]
[White "Lopez Heras, Arturo"]
[Black "De La Fuente Ebro, Miguel Angel"]
[Result "1/2-1/2"]
[WhiteElo "1849"]
[BlackElo "1712"]
[PlyCount "89"]
[EventDate "2018.02.05"]
[EventType "swiss"]
[EventRounds "9"]
[EventCountry "ESP"]
[SourceTitle "Ajedrez en Madrid"]
[Source "lmi"]
[SourceDate "2018.02.05"]

1. d4 Nf6 2. Nf3 d5 3. c4 e6 4. Bg5 Be7 5. e3 O-O 6. Nc3 Nbd7 7. Qc2 b6 8. cxd5
exd5 9. Bd3 Bb7 10. O-O c6 11. h3 h6 12. Bf4 Re8 13. Rae1 a5 14. e4 dxe4 15.
Nxe4 Nxe4 16. Bxe4 Ba6 17. Bd3 Bxd3 18. Qxd3 Bf6 19. Rxe8+ Qxe8 20. Re1 Qd8 21.
Qe4 Rc8 22. b3 c5 23. d5 b5 24. Rd1 c4 25. Nd4 Bxd4 26. Qxd4 c3 27. Rc1 b4 28.
Kf1 Nc5 29. Be3 Nd7 30. a3 Nc5 31. Qc4 Nd7 32. Qd4 Nc5 33. Qc4 Nd7 34. Qf4 Nf6
35. d6 Nd5 36. Qd4 Nxe3+ 37. fxe3 Qf6+ 38. Qxf6 gxf6 39. axb4 axb4 40. Ke2 Rd8
41. Kd3 Rxd6+ 42. Kc4 Rb6 43. Rc2 Kg7 44. Kc5 Rb8 45. Kc4 1/2-1/2

[Event "Madrid-ch 2017-2018 - Previa A"]
[Site "Madrid ESP"]
[Date "2018.02.07"]
[Round "3.10"]
[White "Rueda Maria, Ramiro"]
[Black "Marcelo de la Mata, Daniel"]
[Result "0-1"]
[WhiteElo "1820"]
[BlackElo "1609"]
[PlyCount "70"]
[EventDate "2018.02.05"]
[EventType "swiss"]
[EventRounds "9"]
[EventCountry "ESP"]
[SourceTitle "Ajedrez en Madrid"]
[Source "lmi"]
[SourceDate "2018.02.05"]

1. e4 c5 2. Nf3 Nc6 3. d4 cxd4 4. Nxd4 e5 5. Nf3 Nf6 6. Bg5 d6 7. Nc3 Be6 8.
Bd3 Be7 9. O-O h6 10. Bxf6 Bxf6 11. h3 O-O 12. Qd2 a6 13. Rad1 Qc7 14. a3 Rac8
15. Ne2 Rfd8 16. Ng3 Ne7 17. Nh5 Kh7 18. c3 Ng8 19. Qe2 g6 20. Ng3 Bg7 21. Nh4
Qe7 22. Nhf5 Qf6 23. f4 Bb3 24. Rde1 b5 25. Nxg7 Kxg7 26. f5 Qg5 27. Rf3 Nf6
28. Qf2 Rf8 29. Be2 Bc2 30. Bd1 Bxd1 31. Rxd1 Rcd8 32. fxg6 fxg6 33. Nf5+ gxf5
34. Rg3 Ng4 35. exf5 Nxf2 0-1

[Event "Madrid-ch 2017-2018 - Previa A"]
[Site "Madrid ESP"]
[Date "2018.02.07"]
[Round "3.11"]
[White "Ramos Garcia, Raul"]
[Black "Martinez Aragon, Aitor"]
[Result "0-1"]
[WhiteElo "1700"]
[BlackElo "1786"]
[PlyCount "158"]
[EventDate "2018.02.05"]
[EventType "swiss"]
[EventRounds "9"]
[EventCountry "ESP"]
[SourceTitle "Ajedrez en Madrid"]
[Source "lmi"]
[SourceDate "2018.02.05"]

1. d4 Nf6 2. c4 e6 3. a3 Be7 4. Nf3 b6 5. Nc3 Bb7 6. Bg5 O-O 7. e3 d6 8. Bd3
Nbd7 9. O-O h6 10. Bh4 a6 11. b4 Nh7 12. Bxe7 Qxe7 13. Be4 Bxe4 14. Nxe4 f5 15.
Nc3 Ng5 16. Nxg5 Qxg5 17. f4 Qf6 18. Qf3 c5 19. Rfd1 Rac8 20. Qb7 cxb4 21. axb4
Rxc4 22. Ne2 Rf7 23. Qxa6 Rxb4 24. Qa3 Rc4 25. Qxd6 Qe7 26. Ra8+ Kh7 27. Qxe7
Rxe7 28. Ra7 Kg6 29. d5 exd5 30. Nd4 Kf6 31. Nf3 Rc5 32. Rd3 Rc1+ 33. Kf2 Nc5
34. Rda3 Rxa7 35. Rxa7 Rc2+ 36. Kg1 b5 37. Nd4 Rc1+ 38. Kf2 b4 39. Ra8 b3 40.
Rf8+ Ke7 41. Nxb3 Nxb3 42. Rxf5 Rd1 43. Ke2 Rd2+ 44. Kf1 Nc5 45. Re5+ Kf6 46.
Re8 Ne4 47. Rd8 Ke7 48. Rg8 Kf7 49. Rd8 Rf2+ 50. Kg1 Re2 51. Kf1 Rf2+ 52. Kg1
Re2 53. Kf1 Rxe3 54. Rxd5 Nf6 55. Rb5 h5 56. Rb7+ Kg6 57. h3 Ra3 58. Rb5 Ra2
59. Rg5+ Kh6 60. Re5 Ra4 61. g3 Ra3 62. Kg2 Ra2+ 63. Kg1 Ra1+ 64. Kg2 Ra2+ 65.
Kg1 Rd2 66. Re6 Rd4 67. Kg2 Re4 68. Rd6 h4 69. Kf3 hxg3 70. Kxg3 Re3+ 71. Kg2
Kh7 72. Rc6 Re4 73. Kf3 Ra4 74. Rc5 Ra3+ 75. Kg2 Rg3+ 76. Kxg3 Ne4+ 77. Kg4
Nxc5 78. Kf5 Kh6 79. h4 Kh5 0-1

[Event "Madrid-ch 2017-2018 - Previa A"]
[Site "Madrid ESP"]
[Date "2018.02.07"]
[Round "3.13"]
[White "Benito Ruiz de Villa, Rafael"]
[Black "Vazquez Gonzalez, Jesus"]
[Result "0-1"]
[WhiteElo "1659"]
[BlackElo "1985"]
[PlyCount "120"]
[EventDate "2018.02.05"]
[EventType "swiss"]
[EventRounds "9"]
[EventCountry "ESP"]
[SourceTitle "Ajedrez en Madrid"]
[Source "lmi"]
[SourceDate "2018.02.05"]

1. d4 c5 2. d5 e5 3. e4 d6 4. f4 exf4 5. Bxf4 Qf6 6. Bc1 Qh4+ 7. g3 Qxe4+ 8.
Qe2 Bf5 9. Nc3 Qxe2+ 10. Bxe2 Bxc2 11. Bb5+ Nd7 12. Nf3 a6 13. Bxd7+ Kxd7 14.
O-O f6 15. a4 Ne7 16. Rf2 Bb3 17. Rd2 g6 18. Ra3 c4 19. Nd4 Bh6 20. Nxb3 cxb3
21. Rd1 Bxc1 22. Rxc1 Rhc8 23. Rxb3 Rab8 24. Rd1 f5 25. Rd4 Rc5 26. Rdb4 Nxd5
27. Nxd5 Rxd5 28. Rxb7+ Rxb7 29. Rxb7+ Kc6 30. Rxh7 Rd1+ 31. Kf2 Rd2+ 32. Ke3
Rxb2 33. h4 Rb6 34. Kf4 Rb4+ 35. Kg5 Rg4+ 36. Kf6 Rxg3 37. h5 gxh5 38. Rxh5 Rf3
39. Rh8 Rf4 40. Rc8+ Kd7 41. Ra8 Rxa4 42. Kxf5 Kc6 43. Ke6 Re4+ 44. Kf5 Re5+
45. Kf4 a5 46. Ra6+ Kd7 47. Ra7+ Ke6 48. Ra8 Rb5 49. Ke4 Rb4+ 50. Kd3 a4 51.
Ra5 d5 52. Kc3 Rc4+ 53. Kd3 Rh4 54. Kc3 Ke5 55. Kd3 Rh3+ 56. Kc2 a3 57. Kd2 a2
58. Kc2 Ke4 59. Ra4+ d4 60. Kd2 Rh2+ 0-1

[Event "Madrid-ch 2017-2018 - Previa A"]
[Site "Madrid ESP"]
[Date "2018.02.07"]
[Round "3.14"]
[White "Martinez Miura, Enrique"]
[Black "Osorio Ramos, Francisco"]
[Result "1/2-1/2"]
[WhiteElo "1618"]
[BlackElo "1821"]
[PlyCount "49"]
[EventDate "2018.02.05"]
[EventType "swiss"]
[EventRounds "9"]
[EventCountry "ESP"]
[SourceTitle "Ajedrez en Madrid"]
[Source "lmi"]
[SourceDate "2018.02.05"]

1. e4 c5 2. Nc3 Nc6 3. Nf3 d6 4. d4 cxd4 5. Nxd4 a6 6. Be2 e5 7. Nf3 h6 8. Be3
Nf6 9. h3 Be6 10. Qd2 Be7 11. a3 Rc8 12. O-O d5 13. exd5 Nxd5 14. Nxd5 Qxd5 15.
Rfd1 Qxd2 16. Rxd2 O-O 17. Bb6 Bf6 18. Rc1 Bf5 19. Rd6 Rfe8 20. c4 Bd8 21. Bxd8
Rcxd8 22. Rcd1 Nd4 23. Nxd4 exd4 24. Rxd8 Rxd8 25. Bf3 1/2-1/2

[Event "Madrid-ch 2017-2018 - Previa A"]
[Site "Madrid ESP"]
[Date "2018.02.07"]
[Round "3.15"]
[White "Martinez Gallardo, Javier"]
[Black "Garcia Gonzalez, Pedro A"]
[Result "1/2-1/2"]
[WhiteElo "1617"]
[BlackElo "1821"]
[PlyCount "46"]
[EventDate "2018.02.05"]
[EventType "swiss"]
[EventRounds "9"]
[EventCountry "ESP"]
[SourceTitle "Ajedrez en Madrid"]
[Source "lmi"]
[SourceDate "2018.02.05"]

1. e4 e5 2. Nf3 Nc6 3. Bb5 a6 4. Ba4 Nf6 5. O-O Be7 6. Re1 b5 7. Bb3 O-O 8. c3
d5 9. d3 Bg4 10. h3 Bh5 11. Nbd2 dxe4 12. dxe4 Re8 13. Nf1 Qxd1 14. Bxd1 Rad8
15. Ng3 Bg6 16. Bc2 Bf8 17. Nh4 Na5 18. Nxg6 hxg6 19. b3 c5 20. Be3 Nb7 21.
Rad1 Be7 22. Rxd8 Rxd8 23. Rd1 Rxd1+ 1/2-1/2

[Event "Madrid-ch 2017-2018 - Previa A"]
[Site "Madrid ESP"]
[Date "2018.02.07"]
[Round "3.16"]
[White "Fernandez Aransay, Fernando"]
[Black "Bellagamba, Pascal"]
[Result "1-0"]
[WhiteElo "1811"]
[BlackElo "1605"]
[PlyCount "29"]
[EventDate "2018.02.05"]
[EventType "swiss"]
[EventRounds "9"]
[EventCountry "ESP"]
[SourceTitle "Ajedrez en Madrid"]
[Source "lmi"]
[SourceDate "2018.02.05"]

1. e4 d6 2. d4 Nf6 3. Nc3 Nbd7 4. Be3 c6 5. f3 e5 6. Nge2 Be7 7. Qd2 O-O 8. g4
b5 9. Ng3 Nb6 10. dxe5 dxe5 11. Qxd8 Rxd8 12. a3 Be6 13. Nf5 Bxf5 14. gxf5 a6
15. Bxb6 1-0

[Event "Madrid-ch 2017-2018 - Previa A"]
[Site "Madrid ESP"]
[Date "2018.02.07"]
[Round "3.17"]
[White "Narvaez Parra, Vicente"]
[Black "Ramos Antona, Enrique"]
[Result "1-0"]
[WhiteElo "1809"]
[BlackElo "1587"]
[PlyCount "133"]
[EventDate "2018.02.05"]
[EventType "swiss"]
[EventRounds "9"]
[EventCountry "ESP"]
[SourceTitle "Ajedrez en Madrid"]
[Source "lmi"]
[SourceDate "2018.02.05"]

1. d4 Nf6 2. c4 e6 3. Nf3 d5 4. Bf4 c6 5. e3 Nbd7 6. Nc3 h6 7. h3 Qa5 8. Qc2
Bb4 9. Bd3 dxc4 10. Bxc4 Ne4 11. Rc1 Nxc3 12. bxc3 Ba3 13. Rb1 b5 14. Bd3 Be7
15. O-O O-O 16. Be4 Bb7 17. a4 a6 18. Ne5 Nxe5 19. Bxe5 Rac8 20. Qb3 Ba8 21.
Ra1 c5 22. axb5 Qxb5 23. Qxb5 axb5 24. Bxa8 Rxa8 25. Rxa8 Rxa8 26. Rb1 b4 27.
dxc5 Bxc5 28. cxb4 Bb6 29. Kf1 Kf8 30. Rb2 f6 31. Bd6+ Ke8 32. b5 Rd8 33. Bh2
e5 34. g4 g5 35. Ke2 Ke7 36. Kf3 Ke6 37. Rc2 Rd5 38. Rb2 Rc5 39. Bg3 Rd5 40. h4
Rc5 41. h5 f5 42. gxf5+ Kxf5 43. e4+ Ke6 44. Rb4 Rc3+ 45. Ke2 Kd6 46. Ra4 Rb3
47. Ra8 Rxb5 48. Rh8 Rb2+ 49. Kf3 Rb3+ 50. Kg4 Bd4 51. Rxh6+ Ke7 52. Kxg5 Rb8
53. Rh7+ Ke6 54. h6 Rf8 55. Rg7 Bxf2 56. Bxf2 Rxf2 57. Kg6 Rg2+ 58. Kh7 Rh2 59.
Rg6+ Kf7 60. Rg3 Rf2 61. Kh8 Rf4 62. Rg7+ Kf8 63. Rg5 Rf6 64. Rh5 Kf7 65. Kh7
Ke6 66. Rf5 Rf7+ 67. Kg8 1-0

[Event "Madrid-ch 2017-2018 - Previa A"]
[Site "Madrid ESP"]
[Date "2018.02.07"]
[Round "3.18"]
[White "Hernandez Gutierrez, Jose"]
[Black "Osuna Osuna, Francisco"]
[Result "1-0"]
[WhiteElo "1804"]
[BlackElo "1566"]
[PlyCount "93"]
[EventDate "2018.02.05"]
[EventType "swiss"]
[EventRounds "9"]
[EventCountry "ESP"]
[SourceTitle "Ajedrez en Madrid"]
[Source "lmi"]
[SourceDate "2018.02.05"]

1. d4 d5 2. c4 e5 3. dxe5 d4 4. Nf3 Nc6 5. a3 Nge7 6. Bg5 Bg4 7. Nbd2 Qd7 8. b4
Bxf3 9. Nxf3 Ng6 10. e3 h6 11. Bf4 Nxf4 12. exf4 O-O-O 13. Bd3 g6 14. O-O Bg7
15. Qd2 Qg4 16. h3 Qe6 17. Qc2 f5 18. Rad1 Rd7 19. c5 Kb8 20. Bc4 Qe7 21. Bb5
Rhd8 22. Qa4 Qe6 23. Bxc6 Qxc6 24. Qxc6 bxc6 25. Rd3 Bf8 26. Rfd1 a5 27. Rxd4
Rxd4 28. Rxd4 Rxd4 29. Nxd4 Kb7 30. g4 fxg4 31. hxg4 axb4 32. axb4 Ka6 33. Kg2
Kb7 34. Kf3 Be7 35. Kg3 Bf8 36. f5 gxf5 37. Nxf5 Ka6 38. Nd4 Kb7 39. f4 Kc8 40.
Kh4 Kd7 41. Kh5 Bg7 42. Kg6 Bf8 43. f5 Be7 44. e6+ Ke8 45. f6 Bd8 46. Nxc6 Be7
47. Nxe7 1-0

[Event "Madrid-ch 2017-2018 - Previa A"]
[Site "Madrid ESP"]
[Date "2018.02.07"]
[Round "3.19"]
[White "Caravantes Camacho, Fernando"]
[Black "Carrasco Coquillat, Alvaro"]
[Result "0-1"]
[WhiteElo "1551"]
[BlackElo "1801"]
[PlyCount "92"]
[EventDate "2018.02.05"]
[EventType "swiss"]
[EventRounds "9"]
[EventCountry "ESP"]
[SourceTitle "Ajedrez en Madrid"]
[Source "lmi"]
[SourceDate "2018.02.05"]

1. e4 d6 2. d4 g6 3. Nc3 Bg7 4. f4 Nf6 5. Nf3 O-O 6. Bd3 c5 7. dxc5 dxc5 8. O-O
a6 9. a4 Nc6 10. Be3 Qb6 11. Rb1 Nb4 12. Bc4 Bg4 13. e5 Rad8 14. Qe2 Nfd5 15.
Nxd5 Nxd5 16. Bxd5 Rxd5 17. b4 Qc7 18. c4 Rd7 19. bxc5 Rfd8 20. Rb6 Bf8 21.
Rfb1 e6 22. h3 Bxf3 23. Qxf3 Bxc5 24. Bxc5 Qxc5+ 25. Kh2 Qxc4 26. R1b4 Qc2 27.
Rxb7 Rd2 28. Rb8 Kg7 29. Rxd8 Rxd8 30. Qb7 a5 31. Rb6 Qxa4 32. Rd6 Qxf4+ 33. g3
Qf2+ 34. Kh1 Qe1+ 35. Kg2 Rxd6 36. exd6 Qd2+ 37. Kf3 Qxd6 38. Qb2+ e5 39. Qb5
Qd1+ 40. Kf2 Qd2+ 41. Kf3 Qc3+ 42. Kf2 Qd4+ 43. Kf1 a4 44. Qa6 Qa1+ 45. Ke2 a3
46. Kd3 Qf1+ 0-1

[Event "Madrid-ch 2017-2018 - Previa A"]
[Site "Madrid ESP"]
[Date "2018.02.07"]
[Round "3.20"]
[White "Alises Fontecha, Juan"]
[Black "Jimenez Garcia, Rodrigo"]
[Result "0-1"]
[WhiteElo "1515"]
[BlackElo "1783"]
[PlyCount "114"]
[EventDate "2018.02.05"]
[EventType "swiss"]
[EventRounds "9"]
[EventCountry "ESP"]
[SourceTitle "Ajedrez en Madrid"]
[Source "lmi"]
[SourceDate "2018.02.05"]

1. e4 d5 2. exd5 Qxd5 3. Nc3 Qd6 4. d4 Nf6 5. h3 c6 6. Nf3 Bf5 7. Bd3 Bxd3 8.
Qxd3 Nbd7 9. Be3 g6 10. O-O Bg7 11. Rfd1 Nb6 12. Ne5 O-O 13. Qd2 Nbd5 14. Ne2
Nxe3 15. Qxe3 Nd5 16. Qg3 Rad8 17. c4 Nc7 18. Nc3 f5 19. f4 Ne6 20. d5 Nxf4 21.
Qxf4 Qxe5 22. Qd2 cxd5 23. cxd5 Rd7 24. Re1 Qd4+ 25. Qxd4 Bxd4+ 26. Kf1 Bxc3
27. bxc3 Rc8 28. Rac1 Kf7 29. Red1 b5 30. Rd4 Rc5 31. c4 bxc4 32. Rcxc4 Rcxd5
33. Rxd5 Rxd5 34. a4 Ke6 35. Rc6+ Rd6 36. Rc5 Ra6 37. a5 Kd7 38. Kf2 Re6 39.
Rb5 Kc6 40. Rb3 Re5 41. Ra3 Kb7 42. Rd3 g5 43. Kf3 h5 44. g4 hxg4+ 45. hxg4 f4
46. Rd7+ Ka6 47. Rc7 e6 48. Re7 Kxa5 49. Rxa7+ Kb6 50. Ra3 Kc5 51. Ra5+ Kd6 52.
Ra6+ Ke7 53. Ra3 Re1 54. Kf2 Rh1 55. Kg2 Rh4 56. Ra7+ Kf6 57. Kf3 Rh3+ 0-1

[Event "Madrid-ch 2017-2018 - Previa A"]
[Site "Madrid ESP"]
[Date "2018.02.07"]
[Round "3.21"]
[White "Valencia de Loma, Sergio"]
[Black "Gortazar Rubial, Javier Maria"]
[Result "0-1"]
[WhiteElo "1775"]
[BlackElo "1543"]
[PlyCount "144"]
[EventDate "2018.02.05"]
[EventType "swiss"]
[EventRounds "9"]
[EventCountry "ESP"]
[SourceTitle "Ajedrez en Madrid"]
[Source "lmi"]
[SourceDate "2018.02.05"]

1. e4 e5 2. Nf3 Nc6 3. Bb5 a6 4. Bxc6 dxc6 5. O-O f6 6. d4 exd4 7. Qxd4 Qxd4 8.
Nxd4 Bd6 9. f4 Ne7 10. g3 O-O 11. Kg2 c5 12. Nf3 Nc6 13. c3 Re8 14. Re1 b6 15.
Nbd2 Bb7 16. Nc4 Bf8 17. e5 b5 18. Ne3 fxe5 19. f5 Bd6 20. Kf2 h6 21. Nd2 e4
22. Ndf1 Ne5 23. Ke2 Nd3 24. Rd1 Rf8 25. Nd2 g6 26. Nxe4 Bxe4 27. Rxd3 Bxd3+
28. Kxd3 gxf5 29. Ng2 Rad8 30. Ke3 Rfe8+ 31. Kf3 Re6 32. Nf4 Re1 33. Nd5 Re5
34. Ne3 Rde8 35. Bd2 Kf7 36. Ng2 Kg7 37. Ne3 Be7 38. Ng2 Bg5 39. Rd1 Bxd2 40.
Rxd2 Kf6 41. Nf4 Kf7 42. Ng2 R8e6 43. Rd7+ Re7 44. Rd2 Ke8 45. Nf4 Rd7 46. Rc2
c4 47. Nh5 Kf7 48. Nf4 c5 49. Ng2 Red5 50. Ke2 Kf6 51. Nf4 Re5+ 52. Kf2 Kg5 53.
Kf3 h5 54. Nh3+ Kf6 55. Nf4 h4 56. Nh5+ Kg5 57. Nf4 hxg3 58. hxg3 Re4 59. Rh2
Rde7 60. Rh5+ Kf6 61. Nd5+ Kg6 62. Nxe7+ Kxh5 63. Nxf5 Re5 64. Ne3 Kg5 65. Kf2
Re8 66. Ke2 Rh8 67. Kf2 Rh2+ 68. Ng2 b4 69. cxb4 cxb4 70. Kg1 Rxg2+ 71. Kxg2 c3
72. bxc3 bxc3 0-1

[Event "Madrid-ch 2017-2018 - Previa A"]
[Site "Madrid ESP"]
[Date "2018.02.07"]
[Round "3.22"]
[White "Navas Marin, Felix"]
[Black "Yeves Miquel, Enrique"]
[Result "0-1"]
[WhiteElo "1504"]
[BlackElo "1762"]
[PlyCount "60"]
[EventDate "2018.02.05"]
[EventType "swiss"]
[EventRounds "9"]
[EventCountry "ESP"]
[SourceTitle "Ajedrez en Madrid"]
[Source "lmi"]
[SourceDate "2018.02.05"]

1. d4 Nf6 2. Nf3 e6 3. Bf4 c5 4. e3 d5 5. c3 Nc6 6. Nbd2 Bd6 7. Bg3 b6 8. Bb5
Bb7 9. Ne5 Qc7 10. Qa4 Rc8 11. Ndf3 O-O 12. Qc2 cxd4 13. exd4 Ne4 14. Bd3 Nb4
15. Qb1 Nxd3+ 16. Qxd3 a5 17. Nd2 Nxd2 18. Qxd2 Ba6 19. h4 f6 20. h5 fxe5 21.
O-O-O e4 22. Bxd6 Qxd6 23. g3 Bd3 24. Rh4 b5 25. Rg4 b4 26. Qg5 Rc7 27. Rxd3
exd3 28. Kd2 bxc3+ 29. bxc3 Rxf2+ 30. Ke3 Re2+ 0-1

[Event "Madrid-ch 2017-2018 - Previa A"]
[Site "Madrid ESP"]
[Date "2018.02.07"]
[Round "3.23"]
[White "Caamaño Jimenez, Luis"]
[Black "Gonzalez Pinar, Adrian"]
[Result "0-1"]
[WhiteElo "1746"]
[BlackElo "1487"]
[PlyCount "100"]
[EventDate "2018.02.05"]
[EventType "swiss"]
[EventRounds "9"]
[EventCountry "ESP"]
[SourceTitle "Ajedrez en Madrid"]
[Source "lmi"]
[SourceDate "2018.02.05"]

1. Nf3 Nf6 2. d4 d5 3. c4 e6 4. Nc3 c6 5. e3 Be7 6. Bd3 dxc4 7. Bxc4 O-O 8. O-O
b5 9. Bd3 Bb7 10. Re1 Nbd7 11. a3 a6 12. Bd2 Rc8 13. b4 Qc7 14. Ne4 Rcd8 15.
Nxf6+ Bxf6 16. Qc2 g6 17. Rac1 Qb8 18. Bc3 Bg7 19. e4 e5 20. dxe5 Nxe5 21. Nxe5
Bxe5 22. Bxe5 Qxe5 23. Qe2 Rfe8 24. Qe3 Rd7 25. f4 Qd4 26. Bb1 Qxe3+ 27. Rxe3
Red8 28. Kf2 Rd4 29. g3 a5 30. bxa5 Ra4 31. Rec3 Rxa5 32. Ke3 Ra4 33. Rb3 Rad4
34. Rd3 c5 35. Rxd4 cxd4+ 36. Kd3 Ra8 37. Kxd4 Rxa3 38. Rc7 Ba6 39. Ra7 b4 40.
Ke5 Kg7 41. Kd4 Bc8 42. Rxa3 bxa3 43. Ba2 Be6 44. Bxe6 fxe6 45. Kc3 a2 46. Kb2
a1=Q+ 47. Kxa1 Kf6 48. e5+ Kf5 49. h3 g5 50. g4+ Kxf4 0-1

[Event "Madrid-ch 2017-2018 - Previa A"]
[Site "Madrid ESP"]
[Date "2018.02.07"]
[Round "3.25"]
[White "Jimenez Jimenez, Darfo"]
[Black "Enriquez Pastor, Jorge"]
[Result "1-0"]
[WhiteElo "1708"]
[BlackElo "1468"]
[PlyCount "65"]
[EventDate "2018.02.05"]
[EventType "swiss"]
[EventRounds "9"]
[EventCountry "ESP"]
[SourceTitle "Ajedrez en Madrid"]
[Source "lmi"]
[SourceDate "2018.02.05"]

1. e4 c6 2. d4 d5 3. e5 Bf5 4. Bd3 Bxd3 5. cxd3 e6 6. Qg4 Ne7 7. Ne2 Ng6 8. h4
h5 9. Qg3 Bb4+ 10. Nbc3 O-O 11. Qf3 Bxc3+ 12. bxc3 f5 13. Qxh5 Nh8 14. Nf4 Qe8
15. Qg5 Nf7 16. Qg6 Nd8 17. h5 Qxg6 18. hxg6 Nd7 19. Ba3 Re8 20. Kd2 b6 21. Bd6
Nb7 22. Rh2 Nxd6 23. exd6 Nf6 24. Rah1 Kf8 25. Rh8+ Ng8 26. Re1 e5 27. dxe5
Rad8 28. d4 b5 29. Re3 a5 30. Rf3 Rxd6 31. exd6 Re4 32. Rxg8+ Kxg8 33. d7 1-0